Miami Vice Guest Stars - Statistics

General Stats
  • This quiz has been taken 73 times
    69 since last reset
  • The average score is 11 of 24
Answer Stats
More Famous Role Guest Star Appeared In: % Correct
Die Hard Bruce WIllis No Exit (S1E7)
93%
Genesis (Band) Phil Collins Phil the Shill (S2E11)
91%
KISS (Band) Gene Simmons The Prodigal Son (S2E1)
74%
Night at the Museum Ben Stiller Amen... Send Money(S4E2)
69%
He wrote the Miami Vice Theme Jan Hammer Multiple Episodes
69%
Pretty Woman Julia Roberts Mirror Image (S4E20)
69%
Blade Wesley Snipes Streetwise (S3E10)
67%
Singer, Tutti Frutti Little Richard Out Where the Buses Don't Run (S2E3)
53%
"The Motor City Madman" Ted Nugent Definitely Miami (S2E12)
53%
The Matrix Laurence Fishburne Walk Alone (S3E4)
48%
Fargo, Boardwalk Empire Steve Buscemi El Viejo (S3E7)
48%
The Chronicles of Narnia Liam Neeson When Irish Eyes Are Crying (S3E1)
45%
The Birdcage, The Lion King Nathan Lane Buddies (S2E5)
34%
Bullshit! and a magician Penn Gillette The Prodigal Son (S2E1)
34%
Quantum Leap Dean Stockwell Bushido (S2E8)
33%
Married... With Children Ed O'Neill Heart of Darkness (S1E2)
33%
Seinfeld Michael Richards The Fix (S2E17)
33%
NYPD Blue Jimmy Smits Pilot (S1E1)
31%
The Lord of the Rings Viggo Mortensen Red Tape (S3E19)
31%
The Shield, The Commish Michael Chiklis The Lost Madonna (S5E14)
28%
Full Metal Jacket R. Lee Ermey Death of the Rising Sun (S4E9)
28%
O Brother, Where Art Thou? John Turturro Rites of Passage (S1E16)
16%
This is Spinal Tap, The Simpsons Harry Shearer The Cows of October (S4E12)
14%
Just Shoot Me, Pretty Woman Laura San Giacomo Leap of Faith (S5E20)
7%
No matching quizzes found
Score Distribution
Percent of People with Each Score
Percentile by Number Answered
Your Score History
You have not taken this quiz since the last reset